Statistiques concernant Les stations de métro de la STM

Cliquez ici pour prendre le quiz!

Statistiques générales

  • Ce quiz a été pris 900 fois
  • Le résultat moyen est 41 sur 68

Statistiques - réponses

Answers% Correct
Berri-UQAM
89%
Jean-Talon
83%
Longueuil-Université-de-Sherbrooke
82%
Montmorency
82%
Honoré-Beaugrand
80%
Place-des-Arts
80%
Angrignon
79%
McGill
79%
Sherbrooke
79%
Mont-Royal
78%
Côte-Vertu
76%
Jean-Drapeau
75%
Henri-Bourassa
74%
Snowdon
74%
Université-de-Montréal
72%
Peel
71%
Pie-IX
71%
Saint-Laurent
71%
Lionel-Groulx
70%
Saint-Michel
69%
Beaubien
68%
Laurier
68%
Place-d'Armes
68%
Rosemont
68%
Papineau
67%
Bonaventure
66%
Jarry
66%
Côte-des-Neiges
65%
Champ-de-Mars
64%
Crémazie
63%
Square-Victoria-OACI
63%
Guy-Concordia
62%
Parc
62%
Atwater
61%
Sauvé
60%
Joliette
59%
Verdun
59%
Viau
59%
Radisson
58%
Cartier
57%
Outremont
56%
Beaudry
55%
Frontenac
55%
Lucien-L'Allier
54%
De la Concorde
53%
Édouard-Montpetit
52%
Monk
51%
Villa-Maria
51%
Cadillac
50%
Fabre
50%
Préfontaine
50%
Acadie
48%
De l'Église
47%
Namur
47%
Vendôme
47%
De Castelnau
46%
De la Savane
46%
Du Collège
46%
Langelier
46%
LaSalle
46%
Place-Saint-Henri
46%
Côte-Sainte-Catherine
42%
Plamondon
42%
Georges-Vanier
41%
Jolicoeur
41%
Assomption
40%
D'Iberville
40%
Charlevoix
39%

Distribution des résultats

Percentile par nombre de réponses

% des personnes avec chaque résultat

Votre développement - résultats

Vous n’avez pas pris ce quiz